| 000 | 00393nam a22001457a 4500 | ||
|---|---|---|---|
| 005 | 20240429130618.0 | ||
| 008 | 240429b |||||||| |||| 00| 0 eng d | ||
| 041 | _aEnglish | ||
| 082 | _a349 LAW | ||
| 100 | _lEnglish | ||
| 260 |
_aLondon: _bLincoln's Inn, _c1917 |
||
| 300 |
_bxxxii,968 pages; _c25 cm. |
||
| 650 |
_aLegal practice _bLaw |
||
| 942 |
_cBK _6ALISON_BN_VRIES |
||
| 999 |
_c1576 _d1576 |
||